Guarantee of annual wages (Record no. 371250)

000 -LEADER
fixed length control field 00336cam a22001217a 4500
008 - FIXED-LENGTH DATA ELEMENTS--GENERAL INFORMATION
fixed length control field 180718b1947 xxu||||| |||| 00| 0 eng d
082 ## - DEWEY DECIMAL CLASSIFICATION NUMBER
Classification number R22x73 K141
100 ## - MAIN ENTRY--PERSONAL NAME
Personal name Kaplan, A.D.H.
245 ## - TITLE STATEMENT
Title Guarantee of annual wages
Statement of responsibility, etc. by A.D.H. Kaplan
260 ## - PUBLICATION, DISTRIBUTION, ETC.
Place of publication, distribution, etc. Washington, D.C.
Name of publisher, distributor, etc. Brookings
Date of publication, distribution, etc. 1947
300 ## - PHYSICAL DESCRIPTION
Extent 269p.
650 ## - SUBJECT ADDED ENTRY--TOPICAL TERM
Topical term or geographic name entry element Wages - Annual wage
Holdings
Withdrawn status Lost status Damaged status Not for loan Permanent Location Current Location Date acquired Full call number Barcode Date last seen Price effective from Koha item type
        Indian Institute of Public Administration Indian Institute of Public Administration 1994-06-09 R22x73 K141 16823 2018-07-21 2018-07-21 Book
        Indian Institute of Public Administration Indian Institute of Public Administration 1994-06-09 R22x73 K141 202 2018-07-21 2018-07-21 Book

Powered by Koha